00853cam a22002297a 4500003000500000005001700005008004100022010001000063011001000073035001000083040000900093100003800102245015600140260004100296300002800337502007700365650004100442650003700483650003800520650003700558700002800595CHAP20220329142013.0980126d1998 mx a r 00110 spa d a76921 a77893 a87664 cCHAP00aAnguiano Sánchez, Luis Eduardo.10aElaboración de programas de fertilización en maíz, jitomate, naranja y crisantemoc/por Luis Eduardo Anguiano Sánchez y Yadira Láscares Ochoa aChapingo, Méx. :bEl autor,c1998. a124 h. :bilus. ; anexo aTesis (Ing. Agr. Esp. en Fitotecnia) -- UACH. Departamento de Fitotecnia14aFertilizantesxEfecto en crisantemo.14aFertilizantesxEfecto en maíz.14aFertilizantesxEfecto en naranja.14aFertilizantesxEfecto en tomate.0 aLascares Ochoa, Yadira.